logo

Bir Sreshtho Munshi Abdur Rouf Library
Jhenaidah Cadet College

উচ্চতর গণিত দ্বিতীয় পত্র একাদশ ও দ্বাদশ শ্রেণি / (Record no. 5514)

MARC details
000 -LEADER
fixed length control field 00847nam a2200217 a 4500
001 - CONTROL NUMBER
JCCL Control Number 5514
003 - CONTROL NUMBER IDENTIFIER
JCCL marc code BD-JhCC
005 - DATE AND TIME OF LATEST TRANSACTION
control field 20210624134019.0
008 - FIXED-LENGTH DATA ELEMENTS--GENERAL INFORMATION
fixed length control field 171217s2015 bg |||| |||| 000 0 ben d
035 ## - SYSTEM CONTROL NUMBER
system control number (BD-JhCC)
040 ## - CATALOGING SOURCE
Original cataloging agency BD-JhCC
Modifying agency BD-JhCC
041 ## - LANGUAGE CODE
Language code of Book ben
082 ## - DEWEY DECIMAL CLASSIFICATION NUMBER
Classification number 515
Author mark and Year ISL 2015
100 ## - MAIN ENTRY--PERSONAL NAME
Personal name ইসলাম, মো: নজরুল
245 ## - TITLE STATEMENT
Title উচ্চতর গণিত দ্বিতীয় পত্র একাদশ ও দ্বাদশ শ্রেণি /
Statement of responsibility, etc মো: নজরুল ইসলাম এবং মোঃ কেতাব উদ্দীন,
260 ## - PUBLICATION, DISTRIBUTION, ETC. (IMPRINT)
Place of publication, distribution, etc ঢাকা:
Name of publisher, distributor, etc সাজু প্রিন্টিং প্রেস;
Date of publication, distribution, etc 2015
300 ## - PHYSICAL DESCRIPTION
Pagination 291 পৃ.;
Dimensions ২৪ সেমি.
650 ## - SUBJECT ADDED ENTRY--TOPICAL TERM
Topical term or geographic name as entry element Mathematics
700 ## - ADDED ENTRY--PERSONAL NAME
Personal name উদ্দীন, মোঃ কেতাব
942 ## - ADDED ENTRY ELEMENTS (KOHA)
Source of classification or shelving scheme Dewey Decimal Classification
Koha item type Books
Koha issues (borrowed), all copies 4
Holdings
Source of classification or shelving scheme Damaged status Not for loan Home library Current library Shelving location Date of accession Cost, normal purchase price Total Checkouts Full call number Barcode Date last seen Date checked out Copy number Koha item type
Dewey Decimal Classification     JCC Rouf Library JCC Rouf Library General Stacks 12/17/2017 125.00 1 515 ISL 2015 7771 01/17/2022 04/25/2020 C-1 Books
Dewey Decimal Classification     JCC Rouf Library JCC Rouf Library General Stacks 12/17/2017 125.00   515 ISL 2015 7773 12/17/2017   C-2 Books
Dewey Decimal Classification     JCC Rouf Library JCC Rouf Library General Stacks 12/17/2017 125.00 1 515 ISL 2015 7772 05/04/2019 04/16/2019 C-3 Books
Dewey Decimal Classification     JCC Rouf Library JCC Rouf Library General Stacks 08/29/2019 176.00 2 515 ISL 2019 15602 07/18/2024 03/24/2024 C-4 Books
Dewey Decimal Classification     JCC Rouf Library JCC Rouf Library General Stacks 08/29/2019 176.00 1 515 ISL 2019 15601 12/09/2024 12/07/2024 C-5 Books
Dewey Decimal Classification     JCC Rouf Library JCC Rouf Library General Stacks 08/29/2019 176.00   515 ISL 2019 15600 08/29/2019   C-6 Books

JCC Library | Contacts | JCC Home

Last Update on 23 September 2017
Copyright @ 2017-2020 JCC Rouf Library
Rouf Library, Jhenidah Cadet College (JCC), Bangladesh